Best Power Forwards in NBA History - Statistics

General Stats
  • This quiz has been taken 718 times
  • The average score is 12 of 20
Answer Stats
# Answer Notable Team(s) % Correct
1 Karl Malone Jazz
99%
2 Tim Duncan Spurs
99%
3 Dirk Nowitzki Mavericks
98%
5 Kevin Garnett Timberwolves
97%
4 Charles Barkley Suns
90%
6 Dennis Rodman Bulls
90%
7 Kevin McHale Celtics
76%
18 Anthony Davis Pelicans
70%
8 Bob Pettit Hawks
60%
10 Shawn Kemp Blazers, Supersonics
58%
11 Chris Webber Kings, Wizards
49%
16 James Worthy Lakers
49%
9 Elvin Hayes Wizards, Rockets
47%
13 Pau Gasol Lakers, Spurs
46%
19 LaMarcus Aldridge Blazers, Spurs
39%
12 Elgin Baylor Lakers
37%
17 Rasheed Wallace Blazers, Pistons
33%
14 Bob McAdoo Braves, Nets
30%
15 Jerry Lucas Warriors, Knicks
13%
20 Charles Oakley Raptors, Rockets
9%
No matching quizzes found
Score Distribution
Percent of People with Each Score
Percentile by Number Answered
Your Score History
You have not taken this quiz